000 01058nam a2200337 c 4500
999 _c26456
_d26456
003 BLK
005 20220228141003.0
008 180413b bul|||||r ||||||| ||bul||
010 _aKNG00029005000
020 _a954-9906-02-7
040 _aBLK
041 _aBUL
_cBUL
072 7 _2bullib
_aЯ
_xАвтографи
072 7 _2bullib
_aК
_xКраезнание
072 7 _2bullib
_aРА
_xРусенски автори
080 _aБългарска литература
_b821.163.2
_x-1
_z821.163.2-1
100 1 _aТонева, Ваня
_eпърви автор
_9257614
139 _aТонева, Ваня
_bТ 72
245 1 0 _aТочка на сълзене
_bЛирика
_cВаня Тонева.
257 _aBGR
260 _bРусе 22
_c1999
300 _a32 с.
_c20 см
380 _aX
659 _aК
659 _aЯ
852 _aЦб 202219
852 _aК 821.163.2/Т 72 В
856 4 _qpdf
_u
856 4 _qpdf
_u
942 _cKNG
_n0
_s1
944 _aCR
_c15.01.2003
_kAB_DOS
944 _aED
_c09.12.2014
_kРенета_Константинова
999 _d26456